Prevencia medzigeneračného konfliktu a reflexia modlitby sv. Františka Saleského v starobe

Bibliographic Details
Main Author: Škoviera, Albín, 1949- (Author)
Format: Article
Language:Slovak
PhysicalDescription:Tabuľky
ISSN:1336-2282
Subjects:
Online Access:http://studiascientifica.ku.sk/

MARC

LEADER 00000nab a2200000 4500
001 vtls011984383
003 SK-MaSNL
005 20260303210914.0
008 200729|2018 xo |||| ||an ||00 0|slo
015 |a SNBRB2020/07 
040 |a SPKCL  |b slo  |e rda 
041 |a slo  |b eng 
044 |a xo  |c SK 
072 7 |a 316.4/.7  |x Sociálne interakcie  |2 konspekt 
080 |a 27-534.3  |2 2011 
080 |a 316.4.051.63  |2 2011 
100 1 |a Škoviera, Albín,  |d 1949-  |4 aut  |9 209971 
245 1 0 |a Prevencia medzigeneračného konfliktu a reflexia modlitby sv. Františka Saleského v starobe  |c Albín Škoviera 
300 |b Tabuľky 
336 |a text  |b txt  |2 rdacontent 
337 |a bez média  |b n  |2 rdamedia 
338 |a zväzok  |b nc  |2 rdacarrier 
504 |a Obsahuje bibliografiu 
546 |a Anglické resumé 
650 0 7 |a medzigeneračné vzťahy  |2 SNKPH  |9 4897 
650 0 7 |a konflikty  |2 SNKPH  |9 4470 
650 0 7 |a seniori  |2 SNKPH  |9 117453 
650 0 7 |a kresťanská modlitba  |2 SNKPH  |9 2009 
773 0 |t Studia scientifica Facultatis paedagogicae  |g Roč. 17, č. 3 (2018), s. 140-147  |x 1336-2282 
856 4 1 |u http://studiascientifica.ku.sk/ 
958 |a NB 
999 |c 2202322  |d 2204252